A lisszaboni folyamat hozzájárulása Magyarország versenyképességének javulásához

A tanulmány azt vizsgálja, hogy a lisszaboni folyamatban való részvétel hogyan érinti Magyarország nemzetközi versenyképességét. Az első rész a lisszaboni célokat elemzi, azok realitását, megvalósíthatóságát és konzisztenciáját értékelve. A második rész arra a kérdésre kíván válaszolni, hogy milyen...

Teljes leírás

Elmentve itt :
Bibliográfiai részletek
Szerző: Losoncz Miklós
Dokumentumtípus: Könyv része
Megjelent: 2007
Sorozat:SZTE Gazdaságtudományi Kar közleményei 6
A lisszaboni folyamat és Magyarország 6
Kulcsszavak:Integráció - Európai Unió és Magyarország, Európai Unió - gazdaságpolitika, Versenyképesség - Magyarország
Tárgyszavak:
Online Access:http://acta.bibl.u-szeged.hu/5688
LEADER 02194naa a2200241 i 4500
001 acta5688
005 20220209114428.0
008 161015s2007 hu o 0|| hun d
020 |a 978-963-482-838-9 
022 |a 1588-8533 
040 |a SZTE Egyetemi Kiadványok Repozitórium  |b hun 
041 |a hun 
100 1 |a Losoncz Miklós 
245 1 2 |a A lisszaboni folyamat hozzájárulása Magyarország versenyképességének javulásához  |h [elektronikus dokumentum] /  |c  Losoncz Miklós 
260 |c 2007 
300 |a 94-102 
490 0 |a SZTE Gazdaságtudományi Kar közleményei  |v 6 
490 0 |a A lisszaboni folyamat és Magyarország  |v 6 
520 3 |a A tanulmány azt vizsgálja, hogy a lisszaboni folyamatban való részvétel hogyan érinti Magyarország nemzetközi versenyképességét. Az első rész a lisszaboni célokat elemzi, azok realitását, megvalósíthatóságát és konzisztenciáját értékelve. A második rész arra a kérdésre kíván válaszolni, hogy milyen szerepet játszik a lisszaboni folyamat a magyar gazdaság versenyképességének javításában. A tanulmány egyik leglényegesebb következtetése, hogy a tagállamok közötti érdekközösség még nem elég erős a célok végrehajtására, miközben célok teljesítésének elmaradása esetén az egyes tagállamokat sem éri olyan mértékű gazdasági hátrány, amelynek elrettentő vagy visszatartó ereje lenne. A lisszaboni folyamat eddigi eredményei meglehetősen ellentmondásosak. A gazdasági teljesítmény és a versenyképesség javulása nem annyira a közösségi szintű gazdaságpolitika eredményeivel, hanem a tagállami szintűéivel hozható kapcsolatba. A lisszaboni stratégia, illetve folyamat közvetlen hatást nem gyakorol Magyarország nemzetközi versenyképességére. Ugyanakkor a lisszaboni célok beépülnek a magyar gazdaságpolitika célrendszerébe. 
650 4 |a Társadalomtudományok 
650 4 |a Közgazdasági és gazdálkodástudományok 
695 |a Integráció - Európai Unió és Magyarország, Európai Unió - gazdaságpolitika, Versenyképesség - Magyarország 
856 4 0 |u http://acta.bibl.u-szeged.hu/5688/1/gtk_2007_094-102.pdf  |z Dokumentum-elérés